إماطة الأذى عن الطريق واستبقاء الحياة في الشارع / (Record no. 16270)

MARC details
000 -الفاتح
حقل البيانات ثابتة الطول 00922nam a22001937a 4500
005 - وقت وتاريخ اخر تعامل مع التسجيلة
رقم الضبط 2011112904224.0
008 - عناصر البيانات ثابتة الطول - معلومات عامة
حقل البيانات ثابتة الطول 111129s2007 ua|||||r|||| 00| 0 ara d
020 ## - الرقم الدولى المعيارى للكتب
الرقم الدولى المعيارى للكتاب 9774196740
082 ## - رقم تصنيف ديوى العشرى
رقم الطبعة 22
رقم التصنيف 629.04
رقم المادة ع ل ي
100 ## - المدخل الرئيسى - إسم شخصى
9 (RLIN) 27918
الإسم الشخصى على، رؤوف احمد
245 ## - بيان العنوان
العنوان إماطة الأذى عن الطريق واستبقاء الحياة في الشارع /
بيان المسئوليه,etc تأليف رؤوف أحمد علي ؛ تقديم محمد عادل أحمد علي.
260 ## - PUBLICATION, DISTRIBUTION, ETC. (IMPRINT)
مكان الناشر او الموزع القاهرة :
اسم الناشر او الموزع الهيئة المصرية العامة للكتاب،
تاريخ النشر أو التوزيع 2007.
300 ## - الوصف المادى
التعداد 296 ص. :
تفاصيل ماديه اخرى للوعاء ايض. ؛
أبعاد الوعاء 24 سم.
504 ## - تبصرة ببليوجرافية
تبصرة ببليوجرافية,الخ يشتمل على ارجاعات ببليوجرافية : ص. 293-296.
650 ## - المدخل الاضافى بالموضوع-مصطلح موضوعى
9 (RLIN) 27919
مصطلح موضوعي أو اسم جغرافي كعنصر مدخل الشوارع
التقسيم الفرعي العام تنظيف
653 ## - مصطلح تكشيفى غير مقيد
Resource For college
Arrived date list November2011
942 ## - عناصر المدخل الإضافي( كوها)
مصدر التصنيف او مخطط الترفيف Dewey Decimal Classification
Koha [default] item type Book - Borrowing
Holdings
حالة التراجع حالة الفقد مصدر التصنيف او خطة الترفيف حالة تلف ليس للاعارة مجموعات كوها المكان الدائم المكان الحالي موقع الترفيف تاريخ الاكتساب Source of acquisition رقم الاستدعاء الباركود Date last seen نوع الوعاء
    Dewey Decimal Classification     Alef-Baa Central Library Central Library First floor 29/11/2011 Purchase 629.04 ع ل ي 000025736 15/07/2025 Book - Borrowing